000
00233nam a22000857a 4500
008
160628b xxu||||| |||| 00| 0 eng d
100
_9
1283
_a
Biswas, A., et al
245
_a
The Medieval India
260
_a
New Delhi
_b
Arya Publication
_c
2004
999
_c
1050
_d
1050